| 000 | 01335cam a2200265 4500 | ||
|---|---|---|---|
| 001 | B657 | ||
| 008 | 090401t1986 xxu||||| |||| 00| 0 eng d | ||
| 035 | _a(Sirsi) u37204 | ||
| 041 | _aeng | ||
| 050 |
_a333.75 _c18 |
||
| 110 |
_aCountry Landowners' Association _92816 |
||
| 245 |
_aVerney working party _bforestry and the landowner |
||
| 260 |
_aLondon _bCountry Landowners' Association _c1986 |
||
| 300 |
_a40p. _c21cm. |
||
| 350 | _a5 | ||
| 505 | _aIs there a case for more forestry: the position of the individual landowner; the polictical climate; the lnad use case; land values; land tenure; the economic case; employment | ||
| 505 | _aPrivate forestry and woodland ownership: existing woodlands; new woodland; exisiting grant scheme; fiscal measures; management of woodlands for game; recreation in woodlands; potential developments | ||
| 505 | _aMarketing | ||
| 505 | _aMeasures to achieve forestry objectives: government support measures; sources of grants and advices; injection of private funding; landlord/tenant measures; education and training; research and development; conservation and new enterprise | ||
| 505 | _aConclusions and recommendations | ||
| 690 | _aENVIRONMENTAL AND LAND CONSULTANCY-FORESTRY AND WOODLAND MANAGEMENT | ||
| 700 |
_aVerney, Edmund _xChairman |
||
| 942 | _n0 | ||
| 948 | _c04/03/1997 | ||
| 999 |
_c90452 _d90452 |
||